000 00388pab a2200157 454500
008 180718b1976 xxu||||| |||| 00| 0 eng d
100 _aHaldipur, R.N.
245 _aBureaucracy's response to new challenges
260 _c1976
300 _ap.1-14.
362 _aJan-Mar
650 _aBureaucracy
773 _aIndian Journal of Public Administration
908 _aN
909 _a88137
999 _c88137
_d88137